000 00809nam a22002057a 4500
999 _c19793
_d19793
003 AR-CdUCM
008 190522b ||||| |||| 00| 0 spa d
040 _aMUNICIPALIDAD PROVINCIAL DEL CUSCO
_cBIBLIOTECA MUNICIPAL DEL CUSCO
082 _a361 /
_bG26
100 _aGarcia Najarjo Morales, Aida
_941396
245 _aNosotras las mujeres del vaso de leche 1984-1994 /
260 _aLima :
_bElias Bittar,
_c1994.
300 _a294 páginas ;
_c23 cm.
_bImágenes, Gráficos
505 _aContenido : Una nueva mirada al Perú de hoy -- Situación nacional -- Situación de la población -- La gota de leche y el hogar de la madre...
650 _aSituación de la mujer
_915636
650 _aProgramas sociales
_924277
650 _aMadres del vaso de leche
_941397
942 _2ddc
_cLIBROS
945 _arcc